000 00635nam a22002057a 4500
003 0
005 20251111112308.0
008 251111b xxu||||| |||| 00| 0 eng d
020 _a978-0-446-55165-6
050 _aPS 3554.E472
_b.D46 2008
100 _aDeMille, Nelson,
_eauthor.
245 _aThe Gate house /
_cNelson DeMille.
260 _aNew York, NY :
_bGrand Central Publishing,
_c2008.
300 _a878 pages ;
_c18 cm.
650 _aDetective and mystery fiction.
650 _aSutter, John (Fictitious character)
_xFiction.
650 _aCriminal investigation
_xFiction.
650 _aMurder
_xFiction.
942 _2lcc
_cBK
999 _c368573
_d368573